La propuesta didáctica del movimiento de la Escuela Nueva para la física : Argentina, 1921-1928.

Uloženo v:
Podrobná bibliografie
Hlavní autor: Adúriz-Bravo, Agustín (autor)
Médium: Neznámo
Jazyk:španělština
Témata:
On-line přístup:Ver documento en línea
Tagy: Přidat tag
Žádné tagy, Buďte první, kdo vytvoří štítek k tomuto záznamu!

MARC

LEADER 00000c**#a2200000ua#4500
001 000502758
003 DLC
005 20260413000000.0
008 070831c^^^^9999^^^^r1^^^^^^^^0^^^^0spa^d
009 20260413194208.856
022 |a 01851284 
035 |a FCE 000046952 
037 |a Acervo ITESO - Biblioteca 
041 |a spa 
095 |a RLEE  |b 99-3-4-151. 
100 |a Adúriz-Bravo, Agustín,  |e (autor) 
245 1 4 |a La propuesta didáctica del movimiento de la Escuela Nueva para la física :  |b Argentina, 1921-1928. 
264 |a México :  |b Centro de Estudios Educativos,  |c 1999. 
336 |a texto  |b txt  |2 rdacontenido 
337 |a sin mediación  |b n  |2 rdamedio 
338 |a volumen  |b nc  |2 rdasoporte 
649 |a XX 
650 |a Método de enseñanza 
650 |a Didáctica 
650 |a Escuela nueva 
650 |a Ciencias naturales 
650 |a Física 
650 |a Argentina 
740 |g vol. 29, no. 2, 1999, pp. 151-160.  |t Revista Latinoamericana de Estudios Educativos. Informes y notas, 
856 4 0 |u https://www.cee.edu.mx/rlee/revista/r1991_2000/r_texto/t_1999_3-4_05.pdf  |y Ver documento en línea 
910 |a Fondo Centro de Estudios Educativos 
920 |a Impresos - Libros 
930 |a Fondos Especiales 
905 |a 133 
902 |a https://opac.biblio.iteso.mx/vufind/Record/000502758